000 00346nam a22001457a 4500
008 211020b ||||| |||| 00| 0 eng d
020 _a0316707961
041 _aeng
080 _23rd
_a610.73
082 _a610.73
100 _a2
101 _aINF
245 _aChild Health Nursing Care of the Growing Family
_cPilliteri,A
942 _2udc
_cBK
999 _c58306
_d58306